Kariera trenerska Czesława Michniewicza. - Statystyki

Ogólne statystyki
  • Ten quiz został rozwiązany 102 razy
  • Średni wynik to 7 z 12
Statystyki odpowiedzi
Lata Drużyna % Poprawnych
2020-teraz Legia Warszawa
100%
2003-2006 Lech Poznań
90%
2017-2020 Polska U21
68%
2006-2007 Zagłębie Lubin
65%
2015-2016 Pogoń Szczecin
63%
2016-2017 Termalica
52%
2008-2009 Arka Gdynia
51%
2012-2012 Polonia Warszawa
48%
2011-2011 Jagiellonia Białystok
47%
2010-2011 Widzew Łódź
45%
2013-2013 Podbeskidzie
42%
2001-2002 Amica Wronki II
5%
Nie znaleziono quizów pasujących do podanych kryteriów
Rozkład punktacji
Procent ludzi z każdym wynikiem
Percentyl według liczby udzielonych odpowiedzi
Twoja historia wyników
Nie rozwiązałeś tego quizu